000 00430 a2200157 4500
001 63896
020 _a9788522464173 (broch.)
040 _cAnchieta - Pituba
100 _aFreitas, Claudia Regina
240 1 0 _aGestão do conhecimento para tomada de decisão
_lpor
245 1 0 _aGestão do conhecimento para tomada de decisão
300 _axiii, 114p
362 0 _a2011
650 4 _a. Teorias administrativas
942 _cBK
999 _c63896
_d63896